10 - 11 ශ්‍රේණි සිංහල සාහිත්‍ය සංග්‍රහය /

Saved in:
Bibliographic Details
Main Author: කොඩිකාර, රත්න
Format: Book
Language:English
Sinhalese
Published: නුගේගොඩ : සරසවි ,
Subjects:
Tags: Add Tag
No Tags, Be the first to tag this record!

MARC

LEADER 00000nam a22000007a 4500
003 LK-ApPL
005 20260408104259.0
008 260408b |||||||| |||| 00| 0 eng d
020 |a 9789553103857 
040 |a LK-ApPL  |b sin  |d LK-ApPL 
041 |a sin 
082 |2 23  |a 891.48  |b කොඩිකා  
100 |a කොඩිකාර, රත්න 
245 |a 10 - 11 ශ්‍රේණි සිංහල සාහිත්‍ය සංග්‍රහය /  |c රත්න කොඩිකාර 
260 |a නුගේගොඩ :  |b සරසවි , 
300 |a පි. 221 :  |c සෙ.මි.21 
650 0 |a සාහිත්‍ය 
942 |c LBK 
999 |c 24335  |d 24335